NHL Champions - Statistiques

Statistiques générales
  • Ce quiz a été pris 298 fois
  • Le résultat moyen est 17 sur 22
Statistiques - réponses
Wins Teams % Correct
24 Canadiens
97%
13 Maple leafs
89%
6 Bruins
88%
2 Panthers
85%
4 Rangers
84%
6 Blackhawks
83%
5 Oilers
83%
11 Red Wings
82%
3 Avalanche
78%
4 Islanders
78%
2 Kings
78%
3 Lightning
77%
5 Penguins
77%
1 Stars
73%
1 Capitals
69%
1 Blues
68%
1 Golden Knights
66%
1 Ducks
62%
1 Flames
62%
3 Devils
58%
2 Flyers
58%
1 Hurricanes
56%
Aucun quiz correspondant
Distribution des résultats
% des personnes avec chaque résultat
Percentile par nombre de réponses
Votre historique - résultats
Vous n’avez pas pris ce quiz